[Event "GLC Masters"]
[Site "London"]
[Date "1986.03.17"]
[Round "6"]
[White "McDonald, Neil R"]
[Black "Lalic, Susan Kathryn"]
[Result "1-0"]
[WhiteElo "2320"]
[BlackElo "2220"]
[PlyCount "81"]
[EventDate "1986.03.11"]
[EventType "tourn"]
[EventRounds "15"]
[EventCountry "ENG"]
[EventCategory "3"]
[SourceTitle "BritBase"]
[Source "John Saunders"]
[SourceDate "2020.09.07"]
[SourceVersion "1"]
[SourceVersionDate "2020.09.07"]
[SourceQuality "2"]

1. Nf3 Nf6 2. g3 b5 3. Bg2 Bb7 4. O-O g6 5. d3 Bg7 6. e4 d6 7. Nh4 Qc8 8. f4
Nbd7 9. Nc3 b4 10. Ne2 c5 11. h3 O-O 12. g4 a5 13. Be3 a4 14. Qd2 a3 15. b3 d5
16. Rad1 Nb6 17. Ng3 Rd8 18. Qf2 d4 19. Bc1 Ne8 20. f5 Nd6 21. Bf4 Nb5 22. Bg5
Qc7 23. fxg6 fxg6 24. Qf7+ Kh8 25. Nxg6+ hxg6 26. Qxg6 Qxg3 27. Qh5+ Kg8 28.
Bf4 Qxf4 29. Rxf4 Nc3 30. Qf7+ Kh8 31. Rf5 Rd6 32. Qxe7 Rh6 33. Rdf1 Nxa2 34.
Qxb7 Nc3 35. g5 Rg6 36. Qf7 Kh7 37. Rf6 Rxg5 38. Rxb6 a2 39. h4 a1=Q 40. hxg5
Qxf1+ 41. Bxf1 1-0

[Event "GLC Masters"]
[Site "London"]
[Date "1986.03.17"]
[Round "6"]
[White "Needham, Teresa"]
[Black "Levitt, Jonathan"]
[Result "0-1"]
[WhiteElo "2120"]
[BlackElo "2395"]
[PlyCount "81"]
[EventDate "1986.03.11"]
[EventType "tourn"]
[EventRounds "15"]
[EventCountry "ENG"]
[EventCategory "3"]
[SourceTitle "BritBase"]
[Source "John Saunders"]
[SourceDate "2020.09.07"]
[SourceVersion "1"]
[SourceVersionDate "2020.09.07"]
[SourceQuality "2"]

1. e4 e6 2. d4 d5 3. Nc3 Bb4 4. exd5 exd5 5. a3 Bxc3+ 6. bxc3 Ne7 7. Bd3 Bf5 8.
Ne2 Qd7 9. O-O Nbc6 10. Rb1 Bxd3 11. cxd3 b6 12. Bf4 O-O 13. Qa4 Rfe8 14. Ng3
Ng6 15. Bd2 Re6 16. f4 f5 17. Rbe1 Rf8 18. Qd1 Rxe1 19. Rxe1 Qd6 20. Qe2 Nd8
21. Qf3 c6 22. a4 Qa3 23. Qd1 Qd6 24. Qf3 Ne6 25. Rf1 Qa3 26. Qd1 Qe7 27. Qe1
Qf6 28. Qa1 Qh4 29. Qc1 Qg4 30. c4 h5 31. cxd5 cxd5 32. Be3 h4 33. h3 Qxg3 34.
Rf3 Ngxf4 35. Bxf4 Nxf4 36. Rxf4 Re8 37. Qd2 g6 38. Rf2 Qe3 39. Qxe3 Rxe3 40.
Rc2 Rxd3 41. Rc8+ 0-1

[Event "GLC Masters"]
[Site "London"]
[Date "1986.03.17"]
[Round "6"]
[White "Nicholson, John G"]
[Black "Knott, Simon JB"]
[Result "1-0"]
[WhiteElo "2320"]
[BlackElo "2320"]
[PlyCount "113"]
[EventDate "1986.03.11"]
[EventType "tourn"]
[EventRounds "15"]
[EventCountry "ENG"]
[EventCategory "3"]
[SourceTitle "BritBase"]
[Source "John Saunders"]
[SourceDate "2020.09.07"]
[SourceVersion "1"]
[SourceVersionDate "2020.09.07"]
[SourceQuality "2"]

1. e4 e6 2. d4 d5 3. Nc3 Bb4 4. e5 c5 5. a3 Bxc3+ 6. bxc3 Ne7 7. Nf3 Bd7 8. a4
Qa5 9. Bd2 Nbc6 10. Be2 c4 11. Ng5 h6 12. Nh3 O-O-O 13. Nf4 f6 14. exf6 gxf6
15. Bg4 e5 16. Bxd7+ Rxd7 17. Nh5 Rd6 18. O-O Qd8 19. Bc1 Rg8 20. Ng3 exd4 21.
cxd4 f5 22. Re1 Rdg6 23. a5 Rg4 24. a6 b6 25. f3 R4g7 26. c3 h5 27. Ra2 Rh7 28.
Qe2 Qd7 29. Qe6 Rg6 30. Qe3 h4 31. Ne2 Re6 32. Qf2 h3 33. Nf4 Rxe1+ 34. Qxe1
hxg2 35. Rxg2 Nd8 36. Ba3 Nec6 37. Kh1 Rh8 38. Qg1 Rh7 39. Rg6 Ne7 40. Rg7 Rxg7
41. Qxg7 Ndc6 42. Qf7 b5 43. Ne6 Kb8 44. Qf8+ Nc8 45. Qxf5 Ka8 46. Qxd5 Qxd5
47. Nc7+ Kb8 48. Nxd5 Nb6 49. Bd6+ Kc8 50. Nxb6+ axb6 51. d5 Nd8 52. Kg2 Nf7
53. Bf4 b4 54. cxb4 c3 55. Kf2 c2 56. Ke2 Ne5 57. b5 1-0

[Event "GLC Masters"]
[Site "London"]
[Date "1986.03.17"]
[Round "6"]
[White "Orr, Mark JL"]
[Black "Carlier, Bruno"]
[Result "1/2-1/2"]
[WhiteElo "2330"]
[BlackElo "2315"]
[PlyCount "39"]
[EventDate "1986.03.11"]
[EventType "tourn"]
[EventRounds "15"]
[EventCountry "ENG"]
[EventCategory "3"]
[SourceTitle "BritBase"]
[Source "John Saunders"]
[SourceDate "2020.09.07"]
[SourceVersion "1"]
[SourceVersionDate "2020.09.07"]
[SourceQuality "2"]

1. Nf3 f5 2. g3 g6 3. Bg2 Bg7 4. d4 c6 5. O-O d6 6. b3 Nh6 7. Bb2 O-O 8. c4 f4
9. Qd2 fxg3 10. hxg3 Nd7 11. d5 Bxb2 12. Qxb2 cxd5 13. Qd2 Ng4 14. Qxd5+ Kg7
15. Nc3 Ndf6 16. Qd2 Qa5 17. Nd5 Qxd2 18. Nxd2 Nxd5 19. Bxd5 Rh8 20. Rac1
1/2-1/2

[Event "GLC Masters"]
[Site "London"]
[Date "1986.03.18"]
[Round "7"]
[White "Carlier, Bruno"]
[Black "McDonald, Neil R"]
[Result "1-0"]
[WhiteElo "2315"]
[BlackElo "2320"]
[PlyCount "81"]
[EventDate "1986.03.11"]
[EventType "tourn"]
[EventRounds "15"]
[EventCountry "ENG"]
[EventCategory "3"]
[SourceTitle "BritBase"]
[Source "John Saunders"]
[SourceDate "2020.09.07"]
[SourceVersion "1"]
[SourceVersionDate "2020.09.07"]
[SourceQuality "2"]

1. e4 e6 2. d4 d5 3. e5 Qd7 4. c3 b6 5. Nd2 Ba6 6. Ndf3 Bxf1 7. Kxf1 Ne7 8. h4
h5 9. Ne2 Nf5 10. Qd3 c5 11. b3 Nc6 12. Rh3 cxd4 13. Nexd4 Ncxd4 14. Nxd4 Nxd4
15. cxd4 Rc8 16. Bg5 Be7 17. Qd2 f6 18. exf6 gxf6 19. Bf4 Kf7 20. Qe2 Bd6 21.
Bxd6 Qxd6 22. Re1 Rc6 23. Qd2 Rh7 24. Kg1 Ke7 25. Rhe3 Kd7 26. Rxe6 Qxe6 27.
Rxe6 Rxe6 28. Qd3 Rg7 29. Qf5 Kd6 30. Qf4+ Kc6 31. g3 Rg4 32. Qf5 Kd6 33. Qxh5
Rxd4 34. Qh8 Rd1+ 35. Kg2 d4 36. h5 d3 37. Qd8+ Kc5 38. h6 d2 39. h7 Rd6 40.
Qc7+ Rc6 41. Qe7+ 1-0

[Event "GLC Masters"]
[Site "London"]
[Date "1986.03.18"]
[Round "7"]
[White "Condie, Mark L"]
[Black "Orr, Mark JL"]
[Result "1/2-1/2"]
[WhiteElo "2425"]
[BlackElo "2330"]
[PlyCount "155"]
[EventDate "1986.03.11"]
[EventType "tourn"]
[EventRounds "15"]
[EventCountry "ENG"]
[EventCategory "3"]
[SourceTitle "BritBase"]
[Source "John Saunders"]
[SourceDate "2020.09.07"]
[SourceVersion "1"]
[SourceVersionDate "2020.09.07"]
[SourceQuality "2"]

1. Nf3 Nf6 2. g3 d5 3. Bg2 c6 4. O-O Bg4 5. c4 e6 6. Qb3 Qb6 7. d4 Nbd7 8. Nc3
Be7 9. Bf4 O-O 10. Rfd1 Bf5 11. c5 Qxb3 12. axb3 h6 13. b4 a6 14. h3 Ne4 15. g4
Bh7 16. Bh2 Rfe8 17. Ne1 Nxc3 18. bxc3 Bf6 19. Nd3 e5 20. e3 Bxd3 21. Rxd3 e4
22. Rd2 Nf8 23. Bf1 Ng6 24. c4 Nh4 25. Be2 dxc4 26. Rc2 Rad8 27. Bd6 Be7 28.
Bg3 Ng6 29. Bxc4 Bh4 30. Bd6 Be7 31. Bh2 Bf6 32. Rd1 Be5 33. d5 Bxh2+ 34. Kxh2
cxd5 35. Rcd2 Ne5 36. Rxd5 Rxd5 37. Bxd5 Rd8 38. Kg3 Kf8 39. Rd4 Nf3 40. Rxe4
Rxd5 41. Kxf3 a5 42. bxa5 Rxc5 43. Ra4 h5 44. Ke4 Ke7 45. Kd4 Rb5 46. f4 hxg4
47. hxg4 Kd6 48. Kc4 Rc5+ 49. Kb4 Rd5 50. Ra3 Rd1 51. Rb3 Kc6 52. Kc4 f6 53.
Rb6+ Kc7 54. Rb5 Kc6 55. Rf5 b5+ 56. Kc3 Rc1+ 57. Kd2 Ra1 58. g5 fxg5 59. Rxg5
Rxa5 60. Rxg7 Ra2+ 61. Kc3 Ra3+ 62. Kd4 Ra4+ 63. Ke5 b4 64. Rg1 b3 65. Rb1 Rb4
66. Rb2 Kc5 67. f5 Kc6 68. e4 Kd7 69. Kf6 Rb6+ 70. Kg5 Kd6 71. Kf6 Kd7+ 72. Kg7
Kd6 73. f6 Ke6 74. e5 Rb4 75. Kg6 Rb7 76. f7 Rxf7 77. Rxb3 Rf1 78. Re3 1/2-1/2

[Event "GLC Masters"]
[Site "London"]
[Date "1986.03.18"]
[Round "7"]
[White "Crawley, Gavin"]
[Black "Gallagher, Joseph G"]
[Result "0-1"]
[WhiteElo "2335"]
[BlackElo "2325"]
[PlyCount "86"]
[EventDate "1986.03.11"]
[EventType "tourn"]
[EventRounds "15"]
[EventCountry "ENG"]
[EventCategory "3"]
[SourceTitle "BritBase"]
[Source "John Saunders"]
[SourceDate "2020.09.07"]
[SourceVersion "1"]
[SourceVersionDate "2020.09.07"]
[SourceQuality "2"]

1. e4 c5 2. Nf3 d6 3. d4 cxd4 4. Nxd4 Nf6 5. Nc3 a6 6. Bc4 e6 7. a3 Be7 8. O-O
b5 9. Ba2 O-O 10. f4 Bb7 11. Qf3 Nbd7 12. f5 e5 13. Nde2 a5 14. Ng3 b4 15. Nd5
Bxd5 16. Bxd5 Nxd5 17. exd5 Nf6 18. Bg5 e4 19. Qb3 Ng4 20. Bxe7 Qxe7 21. h3 Nf6
22. axb4 axb4 23. Qxb4 Qe5 24. Qc3 Rxa1 25. Rxa1 Qxd5 26. Ra4 Qd1+ 27. Nf1 d5
28. Rd4 Qa1 29. Kf2 Rb8 30. Rb4 Qa7+ 31. Ne3 Rd8 32. Qd4 Qc7 33. c3 h5 34. Rb5
h4 35. b4 Ra8 36. Ra5 Rxa5 37. bxa5 Qxa5 38. Qe5 Qa2+ 39. Kg1 Qd2 40. Nf1 Qe1
41. Qb8+ Kh7 42. Qe5 Nh5 43. Qe7 f6 0-1

[Event "GLC Masters"]
[Site "London"]
[Date "1986.03.18"]
[Round "7"]
[White "Knott, Simon JB"]
[Black "Jacobs, Byron A"]
[Result "1-0"]
[WhiteElo "2320"]
[BlackElo "2295"]
[PlyCount "61"]
[EventDate "1986.03.11"]
[EventType "tourn"]
[EventRounds "15"]
[EventCountry "ENG"]
[EventCategory "3"]
[SourceTitle "BritBase"]
[Source "John Saunders"]
[SourceDate "2020.09.07"]
[SourceVersion "1"]
[SourceVersionDate "2020.09.07"]
[SourceQuality "2"]

1. c4 e5 2. Nc3 Bb4 3. Nf3 Bxc3 4. dxc3 Nc6 5. e4 d6 6. c5 Nf6 7. cxd6 cxd6 8.
Bc4 O-O 9. Qe2 h6 10. O-O Nh5 11. h3 Qf6 12. Nh2 Nf4 13. Qf3 g5 14. Bb5 Ne7 15.
Bxf4 exf4 16. Qh5 Kg7 17. Be2 Bd7 18. Rad1 Bc6 19. Rd4 Rad8 20. Rfd1 b5 21. c4
Qe6 22. Bg4 Qe5 23. cxb5 Bxe4 24. Be2 Nf5 25. Ng4 Qe6 26. Bc4 d5 27. Rxe4 Qxe4
28. Bd3 Qe6 29. Bxf5 Qb6 30. a4 d4 31. a5 1-0

[Event "GLC Masters"]
[Site "London"]
[Date "1986.03.18"]
[Round "7"]
[White "Le Blancq, Simon Charles"]
[Black "Carton, Patrick"]
[Result "0-1"]
[WhiteElo "2410"]
[BlackElo "2295"]
[PlyCount "78"]
[EventDate "1986.03.11"]
[EventType "tourn"]
[EventRounds "15"]
[EventCountry "ENG"]
[EventCategory "3"]
[SourceTitle "BritBase"]
[Source "John Saunders"]
[SourceDate "2020.09.07"]
[SourceVersion "1"]
[SourceVersionDate "2020.09.07"]
[SourceQuality "2"]

1. d4 Nf6 2. c4 c5 3. e3 g6 4. Nf3 Bg7 5. Be2 O-O 6. O-O b6 7. Nc3 Bb7 8. d5 d6
9. e4 Nbd7 10. a4 a6 11. Qc2 e5 12. Ne1 h6 13. f4 exf4 14. Bxf4 Ne5 15. Bxe5
dxe5 16. Nd3 Ne8 17. Kh1 Nd6 18. b3 a5 19. Nf2 Ba6 20. Qd3 Qg5 21. Qg3 Qxg3 22.
hxg3 h5 23. g4 hxg4 24. Bxg4 f5 25. Bf3 Bh6 26. g4 Bd2 27. Nb1 Be3 28. gxf5
gxf5 29. Nd1 fxe4 30. Nxe3 exf3 31. Nd2 e4 32. Kg1 Kf7 33. Kf2 Rh8 34. Ng4 Rag8
35. Rg1 Bc8 36. Ne5+ Kf6 37. Rxg8 Rxg8 38. Nexf3 exf3 39. Nxf3 Bf5 0-1

[Event "GLC Masters"]
[Site "London"]
[Date "1986.03.18"]
[Round "7"]
[White "Mannion, Stephen R"]
[Black "Needham, Teresa"]
[Result "1-0"]
[WhiteElo "2260"]
[BlackElo "2120"]
[PlyCount "105"]
[EventDate "1986.03.11"]
[EventType "tourn"]
[EventRounds "15"]
[EventCountry "ENG"]
[EventCategory "3"]
[SourceTitle "BritBase"]
[Source "John Saunders"]
[SourceDate "2020.09.07"]
[SourceVersion "1"]
[SourceVersionDate "2020.09.07"]
[SourceQuality "2"]

1. d4 d5 2. Nf3 e6 3. e3 c5 4. c3 Nf6 5. Bd3 Nbd7 6. Nbd2 Be7 7. O-O O-O 8. Qe2
Qc7 9. e4 Nh5 10. g3 dxe4 11. Nxe4 g6 12. Bh6 Rd8 13. Rad1 b6 14. Neg5 Ng7 15.
d5 Nf8 16. Be4 Rb8 17. c4 e5 18. Bc2 f6 19. Ne4 Ne8 20. Ba4 Nd6 21. Nxd6 Bxd6
22. Nd2 Bh3 23. Rfe1 Bf5 24. g4 Bd7 25. Bxd7 Nxd7 26. Ne4 Bf8 27. Qe3 Kh8 28.
Qh3 b5 29. b3 bxc4 30. bxc4 Rb4 31. Rc1 Rb2 32. a3 Qa5 33. Bxf8 Rxf8 34. Re3
Rfb8 35. Qh6 Qd8 36. Rh3 Qe7 37. Qxg6 Rg8 38. Qf5 Qg7 39. Rh4 Rb3 40. Rc3 Rxc3
41. Nxc3 Nf8 42. Ne4 Nd7 43. Nd6 Nf8 44. Ne8 Qg6 45. Qxf6+ Qxf6 46. Nxf6 Rg6
47. Ne4 Nd7 48. g5 Rb6 49. Rh6 Kg7 50. Rc6 Rxc6 51. dxc6 Nb6 52. Nd6 Na8 53.
Ne8+ 1-0

[Event "GLC Masters"]
[Site "London"]
[Date "1986.03.19"]
[Round "8"]
[White "Jacobs, Byron A"]
[Black "Gallagher, Joseph G"]
[Result "0-1"]
[WhiteElo "2295"]
[BlackElo "2325"]
[PlyCount "60"]
[EventDate "1986.03.11"]
[EventType "tourn"]
[EventRounds "15"]
[EventCountry "ENG"]
[EventCategory "3"]
[SourceTitle "BritBase"]
[Source "John Saunders"]
[SourceDate "2020.09.07"]
[SourceVersion "1"]
[SourceVersionDate "2020.09.07"]
[SourceQuality "2"]

1. e4 c5 2. Nc3 d6 3. f4 g6 4. d4 cxd4 5. Qxd4 Nf6 6. e5 Nc6 7. Bb5 Nh5 8. Qe4
Bg7 9. Bd2 O-O 10. Nf3 Bf5 11. Qe2 Bg4 12. Bxc6 bxc6 13. O-O-O Qb6 14. Rhe1
Rab8 15. b3 Qc5 16. Kb1 Nxf4 17. Bxf4 Qxc3 18. Rd3 Qc4 19. Qd2 Bxf3 20. gxf3 d5
21. Bh6 Qb4 22. c3 Bxh6 23. Qxh6 Qc4 24. Red1 f6 25. Ka1 Qc5 26. e6 Qa3 27. b4
d4 28. Rg1 Kh8 29. Rxg6 Rg8 30. Rg3 dxc3 0-1

[Event "GLC Masters"]
[Site "London"]
[Date "1986.03.19"]
[Round "8"]
[White "McDonald, Neil R"]
[Black "Condie, Mark L"]
[Result "1/2-1/2"]
[WhiteElo "2320"]
[BlackElo "2425"]
[PlyCount "102"]
[EventDate "1986.03.11"]
[EventType "tourn"]
[EventRounds "15"]
[EventCountry "ENG"]
[EventCategory "3"]
[SourceTitle "BritBase"]
[Source "John Saunders"]
[SourceDate "2020.09.07"]
[SourceVersion "1"]
[SourceVersionDate "2020.09.07"]
[SourceQuality "2"]

1. Nf3 Nf6 2. g3 d5 3. Bg2 c6 4. O-O Bg4 5. c4 Nbd7 6. b3 e6 7. Bb2 Bd6 8. d3
O-O 9. Nbd2 Qe7 10. Qc2 e5 11. e4 dxe4 12. Nxe4 Nxe4 13. dxe4 Ba3 14. Bc3 a5
15. Rad1 Nc5 16. Rd2 Bxf3 17. Bxf3 Bb4 18. Rfd1 f6 19. Qb2 Rfd8 20. a3 Rxd2 21.
Rxd2 Bxc3 22. Qxc3 Ne6 23. b4 axb4 24. axb4 b6 25. c5 bxc5 26. bxc5 Nd4 27. Kg2
Rb8 28. Ra2 Qe6 29. Be2 Kh8 30. Bc4 Qg4 31. Qe3 Qd1 32. h4 h6 33. Qd3 Qc1 34.
h5 Kh7 35. Bf7 Qxc5 36. Qd1 Qe7 37. Bg6+ Kh8 38. Qa1 Ne6 39. Ra7 Qd6 40. Qa2
Rf8 41. Bf5 Nd4 42. Bg6 Qb8 43. Qa6 Qb3 44. Ra8 Rxa8 45. Qxa8+ Qg8 46. Qa3 Qc8
47. Qc5 Ne6 48. Qe7 Nf4+ 49. gxf4 Qg4+ 50. Kh1 Qh4+ 51. Kg1 Qg4+ 1/2-1/2

[Event "GLC Masters"]
[Site "London"]
[Date "1986.03.19"]
[Round "8"]
[White "Needham, Teresa"]
[Black "Crawley, Gavin"]
[Result "1/2-1/2"]
[WhiteElo "2120"]
[BlackElo "2335"]
[PlyCount "81"]
[EventDate "1986.03.11"]
[EventType "tourn"]
[EventRounds "15"]
[EventCountry "ENG"]
[EventCategory "3"]
[SourceTitle "BritBase"]
[Source "John Saunders"]
[SourceDate "2020.09.07"]
[SourceVersion "1"]
[SourceVersionDate "2020.09.07"]
[SourceQuality "2"]

1. e4 e6 2. d4 d5 3. Nc3 Bb4 4. exd5 exd5 5. a3 Be7 6. Qf3 Nf6 7. h3 O-O 8. Bd3
c5 9. dxc5 Nbd7 10. Nge2 Nxc5 11. O-O d4 12. Nb5 Qd5 13. Nexd4 Qxf3 14. Nxf3
Nxd3 15. cxd3 Nd5 16. Re1 Rd8 17. Nc3 Bf8 18. Nxd5 Rxd5 19. d4 Bd7 20. Be3 f6
21. Rac1 Bc6 22. Re2 Re8 23. Rd2 g5 24. Ne1 Kf7 25. Nd3 a5 26. Nc5 a4 27. Nd3
Rb5 28. Nc5 Bxc5 29. dxc5 Rb3 30. Rc4 h6 31. Rcd4 f5 32. Rd6 f4 33. Bd4 Rxh3
34. Rf6+ Kg8 35. Rg6+ Kf8 36. Rf6+ Kg8 37. Rd1 Rh4 38. Rg6+ Kf7 39. Rf6+ Kg8
40. Rg6+ Kf7 41. Rf6+ 1/2-1/2

[Event "GLC Masters"]
[Site "London"]
[Date "1986.03.19"]
[Round "8"]
[White "Orr, Mark JL"]
[Black "Le Blancq, Simon Charles"]
[Result "1-0"]
[WhiteElo "2330"]
[BlackElo "2410"]
[PlyCount "125"]
[EventDate "1986.03.11"]
[EventType "tourn"]
[EventRounds "15"]
[EventCountry "ENG"]
[EventCategory "3"]
[SourceTitle "BritBase"]
[Source "John Saunders"]
[SourceDate "2020.09.07"]
[SourceVersion "1"]
[SourceVersionDate "2020.09.07"]
[SourceQuality "2"]

1. Nf3 g6 2. c4 Bg7 3. d4 Nf6 4. g3 O-O 5. Bg2 d5 6. cxd5 Nxd5 7. O-O Nc6 8.
Nc3 Nb6 9. e3 e5 10. d5 Ne7 11. e4 Bg4 12. a4 Nbc8 13. Qd3 Nd6 14. Nd2 Qd7 15.
Nc4 Nxc4 16. Qxc4 Nc8 17. f3 Nd6 18. Qe2 Bh3 19. Be3 Bxg2 20. Kxg2 a6 21. a5
Rfc8 22. Rfc1 Bf8 23. Bc5 Nb5 24. Nxb5 Qxb5 25. Qxb5 axb5 26. Bxf8 Kxf8 27. b4
c6 28. Rc5 f6 29. dxc6 bxc6 30. Rac1 Rd8 31. Rxc6 Rd4 32. Rc8+ Rxc8 33. Rxc8+
Kg7 34. a6 Rd2+ 35. Kf1 Ra2 36. Rc7+ Kh6 37. a7 g5 38. Rb7 Kg6 39. g4 h5 40. h3
h4 41. Ke1 Kh6 42. Kd1 Kg6 43. Kc1 Kh6 44. Kb1 Ra4 45. Kc2 Kg6 46. Rxb5 Rxa7
47. Ra5 Rc7+ 48. Rc5 Ra7 49. b5 Ra2+ 50. Kb3 Ra1 51. Rc2 Kf7 52. Rd2 Ke6 53.
Kb4 Rb1+ 54. Kc5 Rc1+ 55. Kb6 Rh1 56. Kc7 Rxh3 57. b6 Rxf3 58. Rc2 h3 59. b7
Rb3 60. b8=Q Rxb8 61. Kxb8 f5 62. exf5+ Kd5 63. Rh2 1-0

[Event "GLC Masters"]
[Site "London"]
[Date "1986.03.20"]
[Round "9"]
[White "Carlier, Bruno"]
[Black "Knott, Simon JB"]
[Result "0-1"]
[WhiteElo "2315"]
[BlackElo "2320"]
[PlyCount "134"]
[EventDate "1986.03.11"]
[EventType "tourn"]
[EventRounds "15"]
[EventCountry "ENG"]
[EventCategory "3"]
[SourceTitle "BritBase"]
[Source "John Saunders"]
[SourceDate "2020.09.07"]
[SourceVersion "1"]
[SourceVersionDate "2020.09.07"]
[SourceQuality "2"]

1. e4 e6 2. d3 d5 3. Nd2 Nf6 4. Ngf3 c5 5. g3 Nc6 6. Bg2 Be7 7. O-O O-O 8. Re1
b5 9. e5 Nd7 10. Nf1 a5 11. h4 b4 12. Bf4 Ba6 13. Ne3 a4 14. c4 bxc3 15. bxc3
d4 16. cxd4 cxd4 17. Nc4 Nc5 18. a3 Bxc4 19. dxc4 d3 20. Bf1 Rb8 21. Re3 Rb3
22. Ne1 d2 23. Nf3 Rb2 24. Rc3 Nb3 25. Rxb3 axb3 26. Nxd2 Nd4 27. Rb1 Rxb1 28.
Qxb1 Bxa3 29. Nxb3 Qb8 30. Nd2 Nf3+ 31. Kg2 Nxd2 32. Qxb8 Rxb8 33. Bxd2 Bb2 34.
Be3 Bxe5 35. c5 Bc7 36. c6 g6 37. Ba6 e5 38. Kf3 Rb4 39. Ke2 Kg7 40. Kd3 f5 41.
Bc5 Rb1 42. Kc4 Kf6 43. Bc8 h6 44. Bd7 Rc1+ 45. Kd5 Rd1+ 46. Kc4 f4 47. gxf4
exf4 48. Bd4+ Kf7 49. Bc5 h5 50. Bd4 Ke7 51. Bc5+ Kf6 52. Bd4+ Kf7 53. Bc5 f3
54. Kb5 Kf6 55. Be3 Rb1+ 56. Kc4 Rh1 57. Bg5+ Ke5 58. Be8 Rh2 59. Bxg6 Rxf2 60.
Bxh5 Rc2+ 61. Kd3 f2 62. Be2 Rxc6 63. Bf1 Bb6 64. Bd2 Kf5 65. Bh3+ Kg6 66. Ke2
Kh5 67. Bg5 Rc2+ 0-1

[Event "GLC Masters"]
[Site "London"]
[Date "1986.03.20"]
[Round "9"]
[White "Condie, Mark L"]
[Black "Nicholson, John G"]
[Result "1-0"]
[WhiteElo "2425"]
[BlackElo "2320"]
[PlyCount "59"]
[EventDate "1986.03.11"]
[EventType "tourn"]
[EventRounds "15"]
[EventCountry "ENG"]
[EventCategory "3"]
[SourceTitle "BritBase"]
[Source "John Saunders"]
[SourceDate "2020.09.07"]
[SourceVersion "1"]
[SourceVersionDate "2020.09.07"]
[SourceQuality "2"]

1. d4 Nf6 2. Nf3 c5 3. e3 g6 4. c4 Bg7 5. Nc3 O-O 6. Be2 d6 7. O-O a6 8. a3
Nbd7 9. b4 b6 10. Qb3 e6 11. a4 Qc7 12. a5 cxd4 13. axb6 Nxb6 14. exd4 Bb7 15.
Bf4 Nh5 16. Be3 Nxc4 17. Qxc4 Qxc4 18. Bxc4 Bxf3 19. gxf3 Rac8 20. Bxa6 Rxc3
21. b5 Nf6 22. Rfc1 Nd5 23. Rxc3 Nxc3 24. b6 e5 25. b7 exd4 26. Bf4 d3 27. Bxd3
Nd5 28. Ra8 Nxf4 29. Rxf8+ Bxf8 30. Bf1 1-0

[Event "GLC Masters"]
[Site "London"]
[Date "1986.03.20"]
[Round "9"]
[White "Lalic, Susan Kathryn"]
[Black "Jacobs, Byron A"]
[Result "1/2-1/2"]
[WhiteElo "2220"]
[BlackElo "2295"]
[PlyCount "30"]
[EventDate "1986.03.11"]
[EventType "tourn"]
[EventRounds "15"]
[EventCountry "ENG"]
[EventCategory "3"]
[SourceTitle "BritBase"]
[Source "John Saunders"]
[SourceDate "2020.09.07"]
[SourceVersion "1"]
[SourceVersionDate "2020.09.07"]
[SourceQuality "2"]

1. Nf3 Nf6 2. c4 c5 3. g3 e6 4. Bg2 Nc6 5. Nc3 d5 6. cxd5 Nxd5 7. O-O Be7 8. b3
O-O 9. Bb2 Bf6 10. Qc1 b6 11. Nxd5 Bxb2 12. Qxb2 exd5 13. d4 Qf6 14. Qd2 cxd4
15. Rfd1 Bg4 1/2-1/2

[Event "GLC Masters"]
[Site "London"]
[Date "1986.03.20"]
[Round "9"]
[White "Le Blancq, Simon Charles"]
[Black "McDonald, Neil R"]
[Result "0-1"]
[WhiteElo "2410"]
[BlackElo "2320"]
[PlyCount "42"]
[EventDate "1986.03.11"]
[EventType "tourn"]
[EventRounds "15"]
[EventCountry "ENG"]
[EventCategory "3"]
[SourceTitle "BritBase"]
[Source "John Saunders"]
[SourceDate "2020.09.07"]
[SourceVersion "1"]
[SourceVersionDate "2020.09.07"]
[SourceQuality "2"]

1. d4 Nf6 2. c4 g6 3. Nc3 Bg7 4. e4 d6 5. Be2 O-O 6. Bg5 h6 7. Be3 Nbd7 8. Qd2
Kh7 9. h4 c5 10. h5 g5 11. O-O-O Qa5 12. Kb1 b5 13. cxb5 a6 14. Nd5 Qxd2 15.
Rxd2 Nxd5 16. exd5 cxd4 17. Bxd4 axb5 18. Bxg7 Kxg7 19. Bxb5 Nc5 20. Nf3 Bf5+
21. Ka1 Rxa2+ 0-1

[Event "GLC Masters"]
[Site "London"]
[Date "1986.03.20"]
[Round "9"]
[White "Levitt, Jonathan"]
[Black "Orr, Mark JL"]
[Result "1-0"]
[WhiteElo "2395"]
[BlackElo "2330"]
[PlyCount "111"]
[EventDate "1986.03.11"]
[EventType "tourn"]
[EventRounds "15"]
[EventCountry "ENG"]
[EventCategory "3"]
[SourceTitle "BritBase"]
[Source "John Saunders"]
[SourceDate "2020.09.07"]
[SourceVersion "1"]
[SourceVersionDate "2020.09.07"]
[SourceQuality "2"]

1. d4 Nf6 2. c4 e6 3. Nc3 d5 4. Bg5 Bb4 5. e3 c5 6. cxd5 Qxd5 7. Bxf6 gxf6 8.
Qa4+ Nc6 9. Qxb4 Nxb4 10. Nxd5 exd5 11. Kd2 c4 12. Ne2 Be6 13. Nc3 Ke7 14. b3
cxb3 15. axb3 a5 16. Bd3 b6 17. Rhc1 Bd7 18. Na2 Nxd3 19. Kxd3 Rhg8 20. g3 Rgc8
21. Rxc8 Rxc8 22. Nc3 Kd6 23. Kd2 Bc6 24. Rc1 Ra8 25. Na2 Bb5 26. Nc3 Bc6 27.
Rb1 b5 28. b4 a4 29. Na2 Bd7 30. Rc1 Rc8 31. Rc5 Bc6 32. Nc3 Rb8 33. g4 Rb6 34.
h3 Ra6 35. Kc2 Rb6 36. f3 Rb8 37. e4 dxe4 38. fxe4 Re8 39. Kd3 a3 40. Rf5 Ke7
41. Rf2 h5 42. gxh5 Rh8 43. Rf5 Rg8 44. Kc2 Rg2+ 45. Kb1 Rg3 46. Rc5 Bd7 47.
Ka2 Rxh3 48. Nd5+ Kd8 49. Nxf6 Be6+ 50. d5 Bd7 51. Nxd7 Kxd7 52. Rxb5 Re3 53.
Rb7+ Kd6 54. Rxf7 Rxe4 55. Kxa3 Kxd5 56. Rc7 1-0

[Event "GLC Masters"]
[Site "London"]
[Date "1986.03.20"]
[Round "9"]
[White "Mannion, Stephen R"]
[Black "Carton, Patrick"]
[Result "0-1"]
[WhiteElo "2260"]
[BlackElo "2295"]
[PlyCount "60"]
[EventDate "1986.03.11"]
[EventType "tourn"]
[EventRounds "15"]
[EventCountry "ENG"]
[EventCategory "3"]
[SourceTitle "BritBase"]
[Source "John Saunders"]
[SourceDate "2020.09.07"]
[SourceVersion "1"]
[SourceVersionDate "2020.09.07"]
[SourceQuality "2"]

1. d4 Nf6 2. Nf3 g6 3. Bf4 Bg7 4. e3 O-O 5. h3 d6 6. Be2 c5 7. c3 b6 8. O-O Bb7
9. a4 Nbd7 10. Bh2 a6 11. Qb3 b5 12. axb5 axb5 13. Rxa8 Qxa8 14. Nbd2 Bd5 15.
Qxb5 Rb8 16. Qd3 Rxb2 17. c4 Be4 18. Nxe4 Nxe4 19. Bf4 h6 20. Rb1 Ra2 21. h4
Ndf6 22. d5 Qa7 23. Bf1 Nxf2 24. Qb3 N6g4 25. Qb5 Qa8 26. Qc6 Ra1 27. Rb6 Qa2
28. Bg3 Rxf1+ 29. Kxf1 Nxe3+ 30. Kg1 Nh3+ 0-1